Statistics for Presidents of Poland

Click here to take the quiz!

General Stats

  • This quiz has been taken 368 times
    (355 since last reset)
  • The average score is 5 of 6

Answer Stats

TermPresident% Correct
2015 - NowAndrzej Duda
99%
1990 - 1995Lech Wałęsa
93%
2005 - 2010Lech Kaczyński
92%
2010 - 2015Bronisław Komorowski
85%
1995 - 2005Aleksander Kwaśniewski
82%
1989 - 1990Wojciech Jaruzelski
40%

Score Distribution

Percentile by Number Answered

Percent of People with Each Score

Your Score History

You have not taken this quiz since the last reset